000 00278nam a22001337a 4500
008 170324b xxu||||| |||| 00| 0 eng d
020 _a9780767405355
041 _aeng
080 _a615.82
100 _a8
101 _aSHN
245 _aFIT VELL
_cFAHEY.TH.F
942 _2udc
_cBK
999 _c8625
_d8625